000 01674nam0a2200337 i 4500
001 RU\NLR\bibl\1897015
005 20260407104737.0
010 _a9785792409521
_9300
021 _aRU
_b2012-25393
_91893
035 _a(NLR Aleph) 001886668
090 _a2863710
_c2863710
100 _a20120427d2011 k y0rusy50 ca
101 0 _arus
102 _aRU
105 _ay |||||||||
200 1 _aТенденции развития частного права
_eсборник научных трудов, посвященной 80-летию Саратовской государственной академии права
_fМ-во образования и науки Рос. Федерации, Гос. образоват. учреждение высш. проф. образования "Сарат. гос. акад. права"
_g[под ред. проф., к.ю.н., доц. С.Т. Максименко, доц., к.ю.н. О.Н. Ермоловой]
210 _aСаратов
_cИзд-во ГОУ ВПО СГАП
_d2011
215 _a246 с.
_d21
320 _aБиблиогр. в конце ст. и в тексте
606 1 _aЧастное право
_jСборники
_92330980
_3RU\NLR\auth\661393910
686 _aХ623я43
686 _aХ83я43
686 _aХ93я43
702 1 _aМаксименко
_bС. Т.
_gСветлана Тимофеевна
_4340
712 0 2 _4570
_aСаратовская государственная академия права
_3RU\NLR\AUTH\889935754
_9366376
801 0 _aRU
_bNLR
_c20120427
_gRCR
801 1 _aRU
_bNLR
_c20120427
830 _aред. по базе
942 _cBOOK
980 _aNBR